000 00629nam a2200205Ia 4500
999 _c3992
_d3992
020 _a0-7619-3287-9
082 _a320.954 IND; SL1
245 0 _aIndia and the politics of developing countries: essays in memory of Myron Weiner
260 _aNew Delhi
_bSage Publications
_c2004
300 _a271p.
504 _aincludes index
650 _aEthnic politics
650 _aPolitical parties - India
650 _aDemocracy - India
650 _aPolitical economy
650 _aIndia - Politics and government
650 _aIndia - Ethnic relations - Political aspects
700 _aVarshney, Ashutosh
942 _cBK